| 000 | 00899nam a22002777a 4500 | ||
|---|---|---|---|
| 001 | 7708 | ||
| 003 | FISKH | ||
| 005 | 20250731151955.0 | ||
| 008 | 250731b cb ||||| |||| 00| 0 eng d | ||
| 020 | _a014121981308 | ||
| 040 |
_aFISKH _beng _cFISKH _dFISKH |
||
| 050 | _aPZ7.W51742 M | ||
| 082 | _a813.54 | ||
| 100 | _aWest, Cindy | ||
| 245 |
_aMove over, Roger : _bA read along with me book / _cby Cindy West ; illustrated by Olivia Cole |
||
| 260 |
_aNew York : _bCheckerboard Press, _c1988. |
||
| 300 |
_a18 unnumbered pages : _bcolor illustrations ; _c21 cm |
||
| 505 | _aK | ||
| 520 | _aRoger the dog and his family move to a new house in this story told in rebus format. | ||
| 521 | 8 |
_a510
_bLexile estimate |
|
| 521 | 8 |
_aK
_bRaz-Plus |
|
| 650 |
_aGeneral Fiction _vRealistic Fiction |
||
| 700 |
_aCole, Olivia _eillustrator |
||
| 942 |
_2ddc _cBK _n0 |
||
| 999 |
_c7708 _d7708 |
||